书目信息 |
| 题名: |
工程力学
|
|
| 作者: | 美R·C·希伯勒 著 ;仇仲翼、黄维扬、吴森 , 高永寿 译 | |
| 分册: | ||
| 出版信息: | 北京 人民教育出版社 1982.05 |
|
| 页数: | 395页 | |
| 开本: | 20cm | |
| 丛书名: | ||
| 单 册: | ||
| 中图分类: | TB12 | |
| 科图分类: | ||
| 主题词: | 工程力学 | |
| 电子资源: | ||
| ISBN: | ||
| 000 | 00830nam0 2200241 450 | |
| 001 | 0630645374 | |
| 005 | 20060805083529.56 | |
| 010 | @dCNY3.20 | |
| 091 | @a15012.0248 | |
| 100 | @a20060805d1982 km y0chiy0120 ea | |
| 101 | 0 | @achi |
| 102 | @aCN@b110000 | |
| 200 | 1 | @a工程力学@Agong cheng li xue@e静力学@f[美]R·C·希伯勒 著@F[mei]R·C·xi bo le zhu@g仇仲翼、黄维扬、吴森译@Gchou zhong yi、huang wei yang、wu sen yi@g高永寿 校@Ggao yong shou xiao |
| 210 | @a北京@c人民教育出版社@d1982.05 | |
| 215 | @a395页@d20cm | |
| 517 | 1 | @a静力学@Ajing li xue |
| 606 | 0 | @a工程力学 |
| 690 | @aTB12@v3 | |
| 701 | 0 | @a美R·C·希伯勒@Amei R·C·xi bo le@4著 |
| 702 | 0 | @a仇仲翼、黄维扬、吴森@Achou zhong yi、huang wei yang、wu sen@4译 |
| 702 | 0 | @a高永寿@Agao yong shou@4校 |
| 801 | 0 | @aCN@bPFT@c20060805 |
| 905 | @a10447@dTB12@e107:1 | |
| 工程力学:静力学/[美]R·C·希伯勒 著/仇仲翼、黄维扬、吴森译/高永寿 校.-北京:人民教育出版社,1982.05 |
| 395页;20cm |
| ISBN :CNY3.20 |
| ● |
| 相关链接 |
|
|
|
|
正题名:工程力学
索取号:TB12/107:1
 
预约/预借
| 序号 | 登录号 | 条形码 | 馆藏地/架位号 | 状态 | 备注 |
| 1 | 0451492 | 204514926 | 密集书库/ [索取号:TB12/107:1] | 在馆 | |
| 2 | 0451493 | 204514935 | 密集书库/ [索取号:TB12/107:1] | 在馆 | |
| 3 | 0451494 | 204514944 | 密集书库/ [索取号:TB12/107:1] | 在馆 |